01209nam a22001817a 4500003000400000020001800004082001200022100001600034245002500050250000800075260002900083300000900112650002700121653068700148942001600835952016100851999001501012SGT a9788177582284 a657,TUL aTULSIAN,P.C aFINANCIAL ACCOUNTING a1ST aNEW DELHIbPEARSONc2013 aV.P. aMANAGEMENT ACCOUNTING  a1. INTRODUCTION TO ACCOUNTING 2. GENERALLY ACCEPTED ACCOUNTING PRINCIPLES 3. ACCOUNTING STANDARDS 4. ACCOUNTING POLICIES 5. ACCOUNTING EQUATIONS 6. JOURNALIZING, POSTING AND BALANCING 7. SUBSIDIARY BOOKS I: CASH BOOK 8. SUBSIDIARY BOOKS II: OTHER BOOKS 9. FINANCIAL STATEMENTS 10. FINANCIAL STATEMENTS OF NOT-FOR-PROFIT ORGANIZATION 11. DEPRECIATION, PROVISIONS AND RESERVES 12. VALUATION OF INVENTORY 13. ACCOUNTING FOR PARTNERSHIP: DISSOLUTION OF A FIRM 14. PARTNERSHIP: INSOLVENCY, PIECEMEAL DISTRIBUTION, SALE OF A FIRM, AND AMALGAMATION OF FIRMS 15. ACCOUNTS FROM INCOMPLETE RECORDS 16. ACCOUNTING FOR HIRE PURCHASE 17. ACCOUNTING FOR BRANCHES 18. USE OF COMPUTERS IN ACCOUNTIN 2ddccFCM04 00102ddc40708CMaSSSLbSSSLcDISPLAYd2016-06-27eIBH NEW DELHIg499.00iSGTUl17o657,TULpCM23r2025-05-19 00:00:00s2025-05-05w2013-08-25yFCMk8777 c9267d9267